000 00556nam a2200193Ia 4500
005 20250508155512.0
008 008 250505s9999 xx 000 0 eng d
037 _aTextual
040 _aFEDL
_beng
_cFEDL
041 _aeng
_2eng
084 _a572, HOE
_qFEDL
100 _aHoebel E Adamson
_913513
245 0 _aMan in the primitive World: An introduction to anthropology
250 _a2
260 _aNew York, USA
_bMcGraw Hill Book Company Inc
_c1958
300 _axvi,678p
942 _cTEXL
_h572, HOE
999 _c1357318
_d1357318